[Event "FIN-chT 2223"]
[Site "Finland"]
[Date "2022.09.25"]
[Round "2.3"]
[White "Kauko, Jussi Matti"]
[Black "Salo, Heikki"]
[Result "1/2-1/2"]
[WhiteElo "2250"]
[BlackElo "2248"]
[PlyCount "43"]
[EventDate "2022.09.24"]
[EventType "team-tourn"]
[EventRounds "11"]
[EventCountry "FIN"]
[SourceTitle "CBM 210 Extra"]
[Source "ChessBase"]
[SourceDate "2022.11.30"]
[SourceVersion "1"]
[SourceVersionDate "2022.11.30"]
[SourceQuality "1"]
[WhiteTeam "Vammala SK"]
[BlackTeam "Vantaa EtVaS"]
[WhiteTeamCountry "FIN"]
[BlackTeamCountry "FIN"]

1. c4 e6 2. g3 Nf6 3. Bg2 d5 4. Nf3 dxc4 5. Qa4+ c6 6. Qxc4 b5 7. Qc2 Bb7 8. Nc3 Nbd7 9. 0-0 Rc8 10. b3 Be7 11. Bb2 0-0 12. Rac1 Qb6 13. Rfd1 c5 14. d3 Rfd8 15. Qb1 h6 16. Qa1 a6 17. Rc2 Bf8 18. Qc1 Nd5 19. a3 Ne7 20. Nb1 Nf5 21. Nbd2 Re8 22. Qa1 1/2-1/2

[Event "FIN-chT 2223"]
[Site "Finland"]
[Date "2022.09.24"]
[Round "1.3"]
[White "Salo, Heikki"]
[Black "Myller, Janne"]
[Result "1/2-1/2"]
[WhiteElo "2248"]
[BlackElo "2201"]
[PlyCount "56"]
[EventDate "2022.09.24"]
[EventType "team-tourn"]
[EventRounds "11"]
[EventCountry "FIN"]
[SourceTitle "CBM 210 Extra"]
[Source "ChessBase"]
[SourceDate "2022.11.30"]
[SourceVersion "1"]
[SourceVersionDate "2022.11.30"]
[SourceQuality "1"]
[WhiteTeam "Vantaa EtVaS"]
[BlackTeam "Joensuu SK"]
[WhiteTeamCountry "FIN"]
[BlackTeamCountry "FIN"]

1. d4 Nf6 2. c4 e6 3. Nf3 d5 4. g3 dxc4 5. Bg2 c5 6. 0-0 Nc6 7. Qa4 Bd7 8. Qxc4 b5 9. Qd3 c4 10. Qd1 Rc8 11. b3 Na5 12. Bd2 b4 13. bxc4 Nxc4 14. Bg5 Bc6 15. Nbd2 Nxd2 16. Qxd2 Be7 17. Bxf6 gxf6 18. Rfc1 0-0 19. Ne1 Bxg2 20. Nxg2 f5 21. e3 a5 22. Nf4 Qd6 23. Nd3 Bf6 24. Rxc8 Rxc8 25. Rc1 Rxc1+ 26. Qxc1 Qa6 27. Qc2 Be7 28. Nb2 Kg7 1/2-1/2

[Event "FIN-chT 1819"]
[Site "Finland"]
[Date "2019.04.07"]
[Round "11.6"]
[White "Nivala, Tuomas"]
[Black "Salo, Heikki"]
[Result "1/2-1/2"]
[WhiteElo "2183"]
[BlackElo "2217"]
[PlyCount "33"]
[EventDate "2018.09.15"]
[EventType "team-tourn"]
[EventRounds "11"]
[EventCountry "FIN"]
[SourceTitle "CBM 189 Extra"]
[Source "ChessBase"]
[SourceDate "2019.06.03"]
[SourceVersion "1"]
[SourceVersionDate "2019.06.03"]
[SourceQuality "1"]
[WhiteTeam "Jyvaskyla JyS"]
[BlackTeam "Vantaa EtVaS"]
[WhiteTeamCountry "FIN"]
[BlackTeamCountry "FIN"]

1. e4 e5 2. Nc3 Nf6 3. Bc4 Nc6 4. d3 Na5 5. Qf3 c6 6. Nge2 Be7 7. h3 0-0 8. 0-0 d5 9. exd5 b5 10. d6 Qxd6 11. Bb3 Nxb3 12. axb3 Be6 13. Ra6 Bc8 14. Ra1 Be6 15. Ra6 Bc8 16. Ra1 Be6 17. Ra6 1/2-1/2

[Event "FIN-chT 1819"]
[Site "Finland"]
[Date "2018.11.11"]
[Round "4.6"]
[White "Ebeling, Mika"]
[Black "Salo, Heikki"]
[Result "1-0"]
[WhiteElo "2237"]
[BlackElo "2217"]
[PlyCount "169"]
[EventDate "2018.09.15"]
[EventType "team-tourn"]
[EventRounds "11"]
[EventCountry "FIN"]
[SourceTitle "CBM 187 Extra"]
[Source "ChessBase"]
[SourceDate "2018.11.04"]
[SourceVersion "1"]
[SourceVersionDate "2018.11.04"]
[SourceQuality "1"]
[WhiteTeam "Espoo MatSK"]
[BlackTeam "Vantaa EtVaS"]
[WhiteTeamCountry "FIN"]
[BlackTeamCountry "FIN"]

1. e4 e5 2. Nf3 Nc6 3. Bb5 a6 4. Ba4 Nf6 5. 0-0 Be7 6. Re1 b5 7. Bb3 d6 8. c3 0-0 9. h3 h6 10. d4 Re8 11. Nbd2 Bf8 12. Nf1 Bd7 13. Ng3 Na5 14. Bc2 c5 15. b3 cxd4 16. cxd4 Nc6 17. Bb2 Rc8 18. Rc1 Qb6 19. a3 a5 20. Qd2 Rcd8 21. d5 Ne7 22. Bc3 Ra8 23. b4 a4 24. Bd3 Ng6 25. Bf1 Rec8 26. Bb2 Be7 27. Rxc8+ Rxc8 28. Rc1 Bd8 29. Rxc8 Bxc8 30. Qc2 Bd7 31. Bc1 Qb7 32. Be3 Bb6 33. Bxb6 Qxb6 34. Ne2 Ne8 35. g3 Ne7 36. Nc3 Nc7 37. Qd3 f6 38. Kg2 Ng6 39. Nd1 Kf7 40. Ne3 Ne7 41. Be2 Qb8 42. Nh4 g6 43. Bg4 Bxg4 44. hxg4 Ne8 45. Nf3 Nc8 46. Nd2 Na7 47. Nd1 Qc7 48. Nc3 Qb6 49. Kf3 Ng7 50. Ke2 Ke7 51. Nf1 Kf7 52. Nd2 h5 53. gxh5 Nxh5 54. Qe3 Qc7 55. Kd3 Ng7 56. f4 Ne8 57. fxe5 fxe5 58. Nf3 Qc4+ 59. Kd2 Nc8 60. Ng5+ Ke7 61. Ne6 Kd7 62. Nf8+ Kc7 63. Qd3 Nb6 64. Nxb5+ Kb7 65. Qxc4 Nxc4+ 66. Kd3 Nb2+ 67. Kc2 Nc4 68. Kd3 Nb2+ 69. Kc3 Nd1+ 70. Kd2 Nb2 71. Nxg6 Kb6 72. Nc3 Nc4+ 73. Kd3 Nxa3 74. Ne7 Nf6 75. Nf5 Kc7 76. Nxa4 Ng4 77. Nc3 Nf2+ 78. Ke2 Ng4 79. Ne3 Nf6 80. g4 Kb6 81. g5 Nh5 82. Kf3 Nf4 83. Kg4 Kc7 84. Kf5 Kd7 85. Kf6 1-0

[Event "FIN-chT 1718"]
[Site "Finland"]
[Date "2018.02.04"]
[Round "8.7"]
[White "Rehn, Ralf"]
[Black "Salo, Heikki"]
[Result "1/2-1/2"]
[WhiteElo "2158"]
[BlackElo "2239"]
[PlyCount "95"]
[EventDate "2017.09.16"]
[EventType "team-tourn"]
[EventRounds "11"]
[EventCountry "FIN"]
[SourceTitle "EXT 2019"]
[Source "ChessBase"]
[SourceDate "2018.10.10"]
[SourceVersion "1"]
[SourceVersionDate "2018.10.10"]
[SourceQuality "1"]
[WhiteTeam "Salo SalSK"]
[BlackTeam "Vantaa EtVaS"]
[WhiteTeamCountry "FIN"]
[BlackTeamCountry "FIN"]

1. Nf3 Nf6 2. c4 e6 3. b3 Be7 4. Bb2 0-0 5. e3 b6 6. Be2 Bb7 7. 0-0 d5 8. Ne5 Nbd7 9. f4 Ne8 10. cxd5 exd5 11. Bb5 Nxe5 12. fxe5 c6 13. Bd3 Nc7 14. Rf3 g6 15. Qc2 Ne6 16. Nc3 Nc5 17. Ne2 Bc8 18. Nd4 Qe8 19. Raf1 Nxd3 20. Qxd3 Be6 21. Rg3 Kh8 22. Ne2 Rg8 23. Rgf3 Rd8 24. Rxf7 Rg7 25. Rxg7 Kxg7 26. Qd4 Qd7 27. Nf4 Rf8 28. Nxe6+ Qxe6 29. Rxf8 Kxf8 30. Qf4+ Kg8 31. e4 Bc5+ 32. d4 Be7 33. exd5 Qxd5 34. Kf2 Qe6 35. Qe4 Kf7 36. Ke2 Ke8 37. h3 Kd7 38. Kd3 Kc7 39. Bc1 Kb7 40. Bd2 a5 41. Qg4 Qd5 42. Qf3 Qe6 43. Bh6 a4 44. Kc2 g5 45. Bf8 Qg6+ 46. Kc3 Bxf8 47. Qxf8 Qb1 48. Qf7+ 1/2-1/2

[Event "FIN-chT 1718"]
[Site "Finland"]
[Date "2017.12.02"]
[Round "5.5"]
[White "Salo, Heikki"]
[Black "Nivala, Tuomas"]
[Result "1/2-1/2"]
[WhiteElo "2239"]
[BlackElo "2224"]
[PlyCount "106"]
[EventDate "2017.09.16"]
[EventType "team-tourn"]
[EventRounds "11"]
[EventCountry "FIN"]
[SourceTitle "EXT 2019"]
[Source "ChessBase"]
[SourceDate "2018.10.10"]
[SourceVersion "1"]
[SourceVersionDate "2018.10.10"]
[SourceQuality "1"]
[WhiteTeam "Vantaa EtVaS"]
[BlackTeam "Jyvaskyla JyS"]
[WhiteTeamCountry "FIN"]
[BlackTeamCountry "FIN"]

1. d4 d5 2. c4 e6 3. Nf3 c6 4. Nbd2 f5 5. g3 Nf6 6. Bg2 Bd6 7. 0-0 0-0 8. Ne5 b6 9. Qc2 Bb7 10. Ndf3 Na6 11. Bf4 Qe7 12. a3 c5 13. dxc5 Nxc5 14. b4 Nce4 15. cxd5 Nxd5 16. Rac1 Rac8 17. Qb2 a5 18. Nd3 Nxf4 19. gxf4 axb4 20. axb4 b5 21. Nfe5 Bd5 22. Qd4 Bb8 23. Qb2 Ba7 24. Rxc8 Rxc8 25. Rc1 Qb7 26. Rxc8+ Qxc8 27. e3 Qc3 28. Qxc3 Nxc3 29. Bxd5 Nxd5 30. Kf1 Bb8 31. Nc6 Bd6 32. Nd4 Nxb4 33. Nxb4 Bxb4 34. Nxb5 Kf7 35. Kg2 Kf6 36. Nd4 Bd6 37. Nb5 Bb8 38. Nd4 h6 39. h3 Ba7 40. Nc6 Bc5 41. Ne5 Bd6 42. Nc4 Bc7 43. Kf3 g5 44. fxg5+ hxg5 45. e4 Kg6 46. exf5+ exf5 47. Kg2 Bf4 48. Nb2 Kf6 49. Kf3 Be5 50. Nc4 Bb8 51. Ne3 Ba7 52. Nd5+ Ke5 53. Nc3 g4+ 1/2-1/2

[Event "FIN-chT 1718"]
[Site "Finland"]
[Date "2017.10.22"]
[Round "4.6"]
[White "Vainio, Ville"]
[Black "Salo, Heikki"]
[Result "0-1"]
[WhiteElo "2201"]
[BlackElo "2239"]
[PlyCount "80"]
[EventDate "2017.09.16"]
[EventType "team-tourn"]
[EventRounds "11"]
[EventCountry "FIN"]
[SourceTitle "EXT 2019"]
[Source "ChessBase"]
[SourceDate "2018.10.10"]
[SourceVersion "1"]
[SourceVersionDate "2018.10.10"]
[SourceQuality "1"]
[WhiteTeam "Turku TuTS"]
[BlackTeam "Vantaa EtVaS"]
[WhiteTeamCountry "FIN"]
[BlackTeamCountry "FIN"]

1. e4 e5 2. Nf3 Nc6 3. Bb5 a6 4. Ba4 Nf6 5. 0-0 Be7 6. Re1 b5 7. Bb3 d6 8. c3 0-0 9. h3 Nb8 10. d4 Nbd7 11. Nbd2 Bb7 12. Bc2 Re8 13. Nf1 Bf8 14. Ng3 g6 15. a4 c6 16. Bg5 h6 17. Be3 Nh7 18. Qd2 h5 19. Rad1 Qc7 20. b3 Rad8 21. Ng5 Be7 22. Nxh7 Kxh7 23. f4 Bh4 24. Bf2 Nf8 25. f5 Qe7 26. Qe2 Qg5 27. Rd3 Nd7 28. Rf3 Qe7 29. Nxh5 gxh5 30. f6 Bxf6 31. Rf5 Rg8 32. Be3 Rg6 33. Ref1 Kg7 34. Rxh5 Rh8 35. Rff5 Bc8 36. Rxh8 Kxh8 37. Rh5+ Kg7 38. g4 Bg5 39. Bf2 Nf6 40. Rxg5 Rxg5 0-1

[Event "EU-Cup 33rd"]
[Site "Antalya"]
[Date "2017.10.12"]
[Round "5.5"]
[White "Lavendelis, Egons"]
[Black "Salo, Heikki"]
[Result "1/2-1/2"]
[WhiteElo "2274"]
[BlackElo "2228"]
[PlyCount "120"]
[EventDate "2017.10.08"]
[EventType "team-swiss"]
[EventRounds "7"]
[EventCountry "TUR"]
[SourceTitle "CBM 181"]
[Source "ChessBase"]
[SourceDate "2017.11.10"]
[SourceVersion "1"]
[SourceVersionDate "2017.11.10"]
[SourceQuality "1"]
[WhiteTeam "Riga Technical Univ"]
[BlackTeam "Etela Vantaan"]
[WhiteTeamCountry "LAT"]
[BlackTeamCountry "FIN"]

1. e4 e5 2. Nf3 Nf6 3. Nxe5 d6 4. Nf3 Nxe4 5. Bd3 Nf6 6. 0-0 Be7 7. h3 0-0 8. c3 b6 9. Bc2 Bb7 10. d4 Nbd7 11. Re1 Re8 12. Bg5 Nf8 13. Nbd2 N6d7 14. Be3 a6 15. Nf1 Bf6 16. N3h2 b5 17. Ng4 Bh4 18. b3 Nf6 19. g3 Nxg4 20. Qxg4 Bf6 21. Kh2 Qd7 22. Qxd7 Nxd7 23. Rac1 Nb6 24. c4 b4 25. Nd2 g6 26. d5 Nd7 27. Ne4 Bg7 28. f4 a5 29. g4 Re7 30. Bf2 Rae8 31. Ng3 Bc3 32. Rxe7 Rxe7 33. Ne4 Bb2 34. Rb1 Bg7 35. Re1 Nf6 36. Bh4 Kf8 37. f5 gxf5 38. Nxf6 Bxf6 39. Rxe7 Bxe7 40. Bxe7+ Kxe7 41. Bxf5 h6 42. Kg3 Kf6 43. Kf4 c6 44. dxc6 Bxc6 45. h4 Bb7 46. g5+ hxg5+ 47. hxg5+ Ke7 48. Ke3 Ba6 49. Kd4 Bb7 50. c5 Bc6 51. Bh7 Bf3 52. Bg8 dxc5+ 53. Kxc5 Be4 54. Kb5 Bb1 55. Kxa5 Bxa2 56. Kxb4 Bb1 57. Kc4 Kf8 58. Bxf7 Kxf7 59. b4 Be4 60. Kd4 Bb7 1/2-1/2

[Event "EU-Cup 33rd"]
[Site "Antalya"]
[Date "2017.10.09"]
[Round "2.5"]
[White "Basgonul, Bekir Serkan"]
[Black "Salo, Heikki"]
[Result "0-1"]
[WhiteElo "1878"]
[BlackElo "2228"]
[PlyCount "138"]
[EventDate "2017.10.08"]
[EventType "team-swiss"]
[EventRounds "7"]
[EventCountry "TUR"]
[SourceTitle "CBM 181"]
[Source "ChessBase"]
[SourceDate "2017.11.10"]
[SourceVersion "1"]
[SourceVersionDate "2017.11.10"]
[SourceQuality "1"]
[WhiteTeam "Genc Ara"]
[BlackTeam "Etela Vantaan"]
[WhiteTeamCountry "TUN"]
[BlackTeamCountry "FIN"]

1. d4 Nf6 2. c4 e6 3. Nf3 b6 4. g3 Ba6 5. Nbd2 Bb4 6. Qc2 Bb7 7. Bg2 Be4 8. Qb3 Nc6 9. 0-0 Bxd2 10. Bxd2 0-0 11. Rfd1 h6 12. Bb4 Nxb4 13. Qxb4 d6 14. Rac1 Qe7 15. Nd2 Bxg2 16. Kxg2 e5 17. dxe5 Qxe5 18. e3 Rfe8 19. Qc3 Qf5 20. Qc2 Qh5 21. h3 Re7 22. Qa4 a5 23. Qc6 Rae8 24. Qf3 Qe5 25. Rc2 Nh7 26. Qf4 Qh5 27. Qg4 Qc5 28. Nb3 Qc6+ 29. Qf3 Qa4 30. Nd4 Qd7 31. Qc6 Qc8 32. h4 Re5 33. b3 Nf6 34. Qf3 Ng4 35. a3 h5 36. b4 Qd7 37. Qc6 Qxc6+ 38. Nxc6 Rxe3 39. bxa5 bxa5 40. fxe3 Nxe3+ 41. Kf3 Nxc2 42. Nxa5 Re3+ 43. Kf2 Rxa3 44. Rd5 g6 45. Rb5 Nd4 46. Rd5 Nf5 47. Nc6 Nxg3 48. Rd4 Nf5 49. Re4 Rc3 50. Nb8 Kg7 51. Na6 c6 52. Nb4 c5 53. Nd5 Rh3 54. Nc7 Rd3 55. Ne8+ Kf8 56. Nf6 Rd4 57. Re8+ Kg7 58. Nd5 Rxc4 59. Rd8 Rxh4 60. Nc7 Rf4+ 61. Kg1 Rd4 62. Rd7 Rd2 63. Ne8+ Kf8 64. Nf6 h4 65. Nh7+ Kg7 66. Ng5 Kh6 67. Nxf7+ Kh5 68. Rd8 h3 69. Rh8+ Kg4 0-1

[Event "FIN-chT 1617"]
[Site "Finland"]
[Date "2017.03.10"]
[Round "9.5"]
[White "Salo, Heikki"]
[Black "Pulkkinen, Kari"]
[Result "1/2-1/2"]
[WhiteElo "2272"]
[BlackElo "2229"]
[PlyCount "151"]
[EventDate "2016.09.17"]
[EventType "team-tourn"]
[EventRounds "11"]
[EventCountry "FIN"]
[SourceTitle "EXT 2018"]
[Source "ChessBase"]
[SourceDate "2017.10.13"]
[SourceVersion "1"]
[SourceVersionDate "2017.10.13"]
[SourceQuality "1"]
[WhiteTeam "Vantaa EtVaS"]
[BlackTeam "Helsinki Aatos"]
[WhiteTeamCountry "FIN"]
[BlackTeamCountry "FIN"]

1. d4 Nf6 2. c4 c5 3. d5 b5 4. Qc2 g6 5. e4 Bg7 6. Nf3 0-0 7. cxb5 d6 8. Bc4 a6 9. b6 Nbd7 10. Bd2 Qxb6 11. Nc3 Rb8 12. Rb1 Ng4 13. 0-0 Nde5 14. Be2 Bd7 15. h3 Nxf3+ 16. Bxf3 Ne5 17. Be2 f5 18. f4 c4+ 19. Kh2 Nd3 20. b3 Nb4 21. Qd1 fxe4 22. Bxc4 Bf5 23. Qe2 Nc2 24. g4 Nd4 25. Qe3 Nf3+ 26. Rxf3 exf3 27. Qxb6 Rxb6 28. gxf5 Rc8 29. Rf1 Rxc4 30. bxc4 Rb2 31. Nb1 gxf5 32. a4 Bd4 33. Kg3 Rb3 34. a5 Kf7 35. Rc1 h5 36. h4 f2+ 37. Kg2 Rb8 38. Rf1 Rg8+ 39. Kf3 Rg4 40. Ke2 Rg3 41. Bc1 Bc5 42. Nd2 Rc3 43. Rd1 Kg6 44. Nf1 Rxc4 45. Kf3 Ra4 46. Ne3 Ra2 47. Bd2 Ra4 48. Rf1 Ra3 49. Rxf2 Bxe3 50. Bxe3 Rxa5 51. Rd2 Rb5 52. Ke2 a5 53. Rd4 Kf7 54. Bd2 a4 55. Bb4 Rb8 56. Ke3 Rg8 57. Be1 Ra8 58. Rd2 a3 59. Ra2 Ra4 60. Bd2 Kg6 61. Kd3 Kf7 62. Kc3 Kf6 63. Be3 Ra5 64. Kc4 Kf7 65. Bd2 Ra8 66. Kb4 Rb8+ 67. Kxa3 Rb5 68. Bc3 Rxd5 69. Rg2 Rd3 70. Kb4 Rf3 71. Bd2 Rh3 72. Be1 Rf3 73. Bd2 Rh3 74. Be1 Rf3 75. Bd2 Rh3 76. Be1 1/2-1/2

[Event "FIN-chT 1617"]
[Site "Finland"]
[Date "2017.02.04"]
[Round "7.4"]
[White "Salo, Heikki"]
[Black "Viljava, Tapani"]
[Result "1/2-1/2"]
[WhiteElo "2272"]
[BlackElo "2200"]
[PlyCount "84"]
[EventDate "2016.09.17"]
[EventType "team-tourn"]
[EventRounds "11"]
[EventCountry "FIN"]
[SourceTitle "EXT 2018"]
[Source "ChessBase"]
[SourceDate "2017.10.13"]
[SourceVersion "1"]
[SourceVersionDate "2017.10.13"]
[SourceQuality "1"]
[WhiteTeam "Vantaa EtVaS"]
[BlackTeam "Helsinki KS 58"]
[WhiteTeamCountry "FIN"]
[BlackTeamCountry "FIN"]

1. d4 Nf6 2. c4 e6 3. Nc3 Bb4 4. e3 b6 5. Nge2 c5 6. a3 Ba5 7. f3 0-0 8. Rb1 Qe7 9. d5 exd5 10. cxd5 Re8 11. Kf2 c4 12. Qa4 Qc5 13. Qb5 Qc7 14. d6 Qxd6 15. Qxc4 Bxc3 16. Nxc3 Nc6 17. Be2 Bb7 18. Qh4 Qe6 19. Nb5 Rac8 20. Rd1 d5 21. Qf4 Red8 22. Bd3 g6 23. Nd4 Nxd4 24. Qxd4 Nd7 25. Bd2 Ne5 26. Bc3 f6 27. Be2 Re8 28. Bb5 Re7 29. Re1 Kf7 30. Rbd1 Nc4 31. Bb4 Rec7 32. Re2 Ne5 33. Bc3 Re7 34. Qh4 Kg7 35. h3 Bc6 36. Bxc6 Rxc6 37. Qd4 Rd7 38. g4 Rc4 39. Qd2 h5 40. f4 Nf7 41. gxh5 Qxh3 42. hxg6 Qh2+ 1/2-1/2

[Event "FIN-chT 1617"]
[Site "Finland"]
[Date "2016.10.09"]
[Round "4.5"]
[White "Kosmo, Santul"]
[Black "Salo, Heikki"]
[Result "1-0"]
[WhiteElo "2181"]
[BlackElo "2272"]
[PlyCount "173"]
[EventDate "2016.09.17"]
[EventType "team-tourn"]
[EventRounds "11"]
[EventCountry "FIN"]
[SourceTitle "EXT 2017"]
[Source "ChessBase"]
[SourceDate "2016.10.25"]
[SourceVersion "1"]
[SourceVersionDate "2016.10.25"]
[SourceQuality "1"]
[WhiteTeam "Helsinki Velhot"]
[BlackTeam "Vantaa EtVaS"]
[WhiteTeamCountry "FIN"]
[BlackTeamCountry "FIN"]

1. e4 e5 2. f4 Bc5 3. Nf3 d6 4. c3 Bb6 5. Na3 Nc6 6. Nc4 Qe7 7. Nxb6 axb6 8. d3 Nf6 9. fxe5 Nxe5 10. Be2 d5 11. 0-0 dxe4 12. Nxe5 Qxe5 13. Bf4 Qe7 14. dxe4 Nxe4 15. Qd4 0-0 16. Bxc7 Qxc7 17. Qxe4 Be6 18. a3 Rad8 19. Rad1 Qc5+ 20. Kh1 Bd5 21. Qh4 Qc6 22. Qf2 Rde8 23. Rfe1 Re6 24. Bf3 Bxf3 25. Qxf3 Rfe8 26. Rxe6 Qxe6 27. h3 g6 28. Qxb7 Qb3 29. Qd7 Re2 30. Qd8+ Kg7 31. Rd2 Re1+ 32. Kh2 Qe6 33. Qd4+ Kh6 34. Qd6 Qe3 35. Qd4 Qe6 36. Qf4+ Kg7 37. Rd6 Qe2 38. Qd4+ Kh6 39. Qh4+ Kg7 40. Qd4+ Kh6 41. Rxb6 Qf1 42. Rf6 Qh1+ 43. Kg3 Re7 44. Qd2+ Kg7 45. Rf3 h5 46. Qd4+ Kh7 47. Qf2 Kg7 48. Qd4+ Kh7 49. Qf4 f5 50. Rf1 Re3+ 51. Qxe3 Qxf1 52. b4 Kg7 53. a4 f4+ 54. Qxf4 h4+ 55. Kg4 Qe2+ 56. Kxh4 Qe1+ 57. Kg4 Qxc3 58. b5 Qb3 59. Qd4+ Kh7 60. b6 Kg8 61. h4 Kh7 62. g3 Qe6+ 63. Kf3 Qf5+ 64. Kg2 Qc2+ 65. Kf3 Qf5+ 66. Ke2 Qc2+ 67. Ke3 Qb3+ 68. Kf4 Qf7+ 69. Ke5 Qg7+ 70. Kd5 Qd7+ 71. Kc5 Qe7+ 72. Kb5 Qe8+ 73. Kb4 Qe7+ 74. Qc5 Qe4+ 75. Ka5 Qa8+ 76. Kb5 Qe8+ 77. Qc6 Qe2+ 78. Ka5 Qd2+ 79. Ka6 Qd3+ 80. Ka7 Qd4 81. a5 Kh6 82. a6 Kh5 83. Kb7 Qg7+ 84. Qc7 Qd4 85. a7 Qd5+ 86. Kb8 Qg8+ 87. Qc8 1-0

[Event "FIN-chT 1617"]
[Site "Finland"]
[Date "2016.10.08"]
[Round "3.5"]
[White "Kekki, Petri"]
[Black "Salo, Heikki"]
[Result "1-0"]
[WhiteElo "2346"]
[BlackElo "2272"]
[PlyCount "106"]
[EventDate "2016.09.17"]
[EventType "team-tourn"]
[EventRounds "11"]
[EventCountry "FIN"]
[SourceTitle "EXT 2017"]
[Source "ChessBase"]
[SourceDate "2016.10.25"]
[SourceVersion "1"]
[SourceVersionDate "2016.10.25"]
[SourceQuality "1"]
[WhiteTeam "Espoo MatSK"]
[BlackTeam "Vantaa EtVaS"]
[WhiteTeamCountry "FIN"]
[BlackTeamCountry "FIN"]

1. d4 Nf6 2. Nf3 e6 3. Bg5 h6 4. Bh4 b6 5. e3 Bb7 6. Bd3 c5 7. Nbd2 Be7 8. 0-0 d6 9. c3 Nbd7 10. e4 cxd4 11. cxd4 e5 12. dxe5 dxe5 13. Nc4 0-0 14. Bxf6 Bxf6 15. Nd6 Nc5 16. Bc2 Ba6 17. Re1 Ne6 18. Bb3 Nf4 19. Nc4 Re8 20. Re3 Qc7 21. Rc3 Rad8 22. Qc2 Qb8 23. Re1 Ne6 24. Qc1 Nd4 25. Bd1 Bb7 26. a4 Re6 27. b4 Be7 28. Qb1 Rc8 29. Rc1 Rd8 30. Ne3 Qd6 31. Nxd4 exd4 32. Nf5 Qxb4 33. Bb3 Rc6 34. Qa2 Bg5 35. Bxf7+ Kh8 36. Rb1 Qc5 37. h4 Bf6 38. e5 Be7 39. Rb5 Qc3 40. Rd1 Bf8 41. Bd5 d3 42. e6 Qc2 43. Qa1 Rxd5 44. Rxd5 Rxe6 45. Rd8 Rg6 46. Rxf8+ Kh7 47. Ne3 Qc6 48. f3 Qc5 49. Re8 Bxf3 50. Re5 Rxg2+ 51. Kf1 Qf8 52. Rf5 Qd6 53. Nxg2 Qg3 1-0

[Event "FIN-chT 1516"]
[Site "Finland"]
[Date "2016.02.06"]
[Round "7.5"]
[White "Tuononen, Janne"]
[Black "Salo, Heikki"]
[Result "1-0"]
[WhiteElo "2212"]
[BlackElo "2280"]
[PlyCount "69"]
[EventDate "2015.09.12"]
[EventType "team-tourn"]
[EventRounds "11"]
[EventCountry "FIN"]
[SourceTitle "CBM 170 Extra"]
[Source "ChessBase"]
[SourceDate "2016.02.25"]
[SourceVersion "1"]
[SourceVersionDate "2016.02.25"]
[SourceQuality "1"]
[WhiteTeam "Jyvaskyla JyS"]
[BlackTeam "Vantaa EtVaS"]
[WhiteTeamCountry "FIN"]
[BlackTeamCountry "FIN"]

1. b3 Nf6 2. Bb2 d5 3. e3 Nbd7 4. Nf3 g6 5. c4 c6 6. d4 Bg7 7. Nc3 0-0 8. Bd3 a6 9. a4 dxc4 10. bxc4 e5 11. 0-0 Re8 12. Qc2 a5 13. Rfd1 Qc7 14. Rac1 Bf8 15. h3 exd4 16. exd4 Nh5 17. Ne4 Ndf6 18. Neg5 Bh6 19. d5 cxd5 20. cxd5 Qxc2 21. Rxc2 Bg7 22. Bb5 Bd7 23. Bxd7 Nxd7 24. Bxg7 Kxg7 25. Rc7 Nhf6 26. Nd4 Re5 27. Ndf3 Re2 28. Nd4 Ra2 29. Rxb7 Rxa4 30. Nde6+ Kg8 31. Nc7 Rc8 32. d6 Rb4 33. Ra7 a4 34. Nd5 Rb5 35. Ne7+ 1-0

[Event "FIN-chT 1415"]
[Site "Finland"]
[Date "2015.03.14"]
[Round "10.4"]
[White "Seeman, Tarvo"]
[Black "Salo, Heikki"]
[Result "1/2-1/2"]
[WhiteElo "2420"]
[BlackElo "2283"]
[PlyCount "49"]
[EventDate "2014.09.27"]
[EventType "team-tourn"]
[EventRounds "11"]
[EventCountry "FIN"]
[SourceTitle "EXT 2016"]
[Source "ChessBase"]
[SourceDate "2015.10.08"]
[SourceVersion "1"]
[SourceVersionDate "2015.10.08"]
[SourceQuality "1"]
[WhiteTeam "Helsinki Aatos"]
[BlackTeam "Vantaa EtVaS"]
[WhiteTeamCountry "FIN"]
[BlackTeamCountry "FIN"]

1. Nf3 Nf6 2. g3 g6 3. b3 Bg7 4. Bb2 0-0 5. Bg2 a5 6. c4 d5 7. cxd5 Nxd5 8. Bxg7 Kxg7 9. Qc1 c6 10. Nc3 Nxc3 11. Qxc3+ f6 12. 0-0 Qd6 13. d4 Rd8 14. e4 Bg4 15. e5 Qb4 16. Qe3 Bxf3 17. exf6+ exf6 18. Bxf3 Na6 19. Rfe1 Rd7 20. h4 Nc7 21. a3 Qd6 22. Qd2 Nb5 23. d5 cxd5 24. h5 Nc7 25. Bg4 1/2-1/2

[Event "FIN-chT 1415"]
[Site "Finland"]
[Date "2014.11.15"]
[Round "5.4"]
[White "Kekki, Petri"]
[Black "Salo, Heikki"]
[Result "1/2-1/2"]
[WhiteElo "2347"]
[BlackElo "2283"]
[PlyCount "56"]
[EventDate "2014.09.27"]
[EventType "team-tourn"]
[EventRounds "11"]
[EventCountry "FIN"]
[SourceTitle "EXT 2016"]
[Source "ChessBase"]
[SourceDate "2015.10.08"]
[SourceVersion "1"]
[SourceVersionDate "2015.10.08"]
[SourceQuality "1"]
[WhiteTeam "Espoo MatSK"]
[BlackTeam "Vantaa EtVaS"]
[WhiteTeamCountry "FIN"]
[BlackTeamCountry "FIN"]

1. d4 Nf6 2. Nf3 e6 3. e3 b6 4. Bd3 Bb7 5. 0-0 d6 6. c4 Nbd7 7. Nc3 c5 8. d5 exd5 9. cxd5 Nxd5 10. Ne4 Nb4 11. Bb1 d5 12. Ng3 Nf6 13. Ne5 Qc7 14. Ng4 Nxg4 15. Qxg4 g6 16. e4 d4 17. a3 Nc6 18. Ba2 h5 19. Qf3 Bd6 20. h4 0-0-0 21. Qxf7 Qxf7 22. Bxf7 Ne5 23. Be6+ Kc7 24. Bg5 Rde8 25. Ba2 Rhf8 26. Bh6 Rh8 27. Bg5 Rhf8 28. Bh6 Rh8 1/2-1/2

[Event "FIN-chT 1415"]
[Site "Finland"]
[Date "2014.10.18"]
[Round "3.4"]
[White "Huovinen, Jere"]
[Black "Salo, Heikki"]
[Result "1-0"]
[WhiteElo "2191"]
[BlackElo "2283"]
[PlyCount "103"]
[EventDate "2014.09.27"]
[EventType "team-tourn"]
[EventRounds "11"]
[EventCountry "FIN"]
[SourceTitle "EXT 2016"]
[Source "ChessBase"]
[SourceDate "2015.10.08"]
[SourceVersion "1"]
[SourceVersionDate "2015.10.08"]
[SourceQuality "1"]
[WhiteTeam "Oulu OSS"]
[BlackTeam "Vantaa EtVaS"]
[WhiteTeamCountry "FIN"]
[BlackTeamCountry "FIN"]

1. d4 Nf6 2. c4 e6 3. Nf3 b6 4. a3 Ba6 5. Qb3 Be7 6. Bf4 c5 7. d5 exd5 8. cxd5 d6 9. Nc3 0-0 10. e4 Bxf1 11. Kxf1 Nbd7 12. g3 a6 13. a4 Qc7 14. Kg2 Ne5 15. Nxe5 dxe5 16. Be3 Ng4 17. Nd1 Rab8 18. h3 Nf6 19. Qc2 Bd6 20. b3 Rfc8 21. Nb2 Qe7 22. Nc4 Bc7 23. Rhd1 Ne8 24. a5 b5 25. Nb6 Bxb6 26. axb6 Qb7 27. Bxc5 Nd6 28. f3 f6 29. Qf2 Rd8 30. Ra5 Nc8 31. Rda1 Ra8 32. Qa2 Nxb6 33. Rxa6 Rxa6 34. Qxa6 Rb8 35. Qxb5 Qd7 36. Qxd7 Nxd7 37. b4 Rb5 38. Rc1 Kf7 39. Kf2 h5 40. Ke3 g5 41. Kd3 Kg6 42. Kc4 Rb8 43. Ra1 Rb7 44. d6 g4 45. fxg4 hxg4 46. hxg4 Kg5 47. Kd5 Rb8 48. Ra7 Rd8 49. Ke6 Nb8 50. Rg7+ Kh6 51. Rf7 Kg5 52. d7 1-0